AFL North Melbourne Kangaroos Player Numbers - Statistics

General Stats
  • This quiz has been taken 19 times
  • The average score is 23 of 43
Answer Stats
Hint Answer % Correct
Finn O'Sullivan 2
86%
Nick Larkey 20
86%
Harry Sheezel 3
86%
Charlie Comben 30
86%
Aidan Corr 4
79%
Caleb Daniel 5
79%
Luke Davies-Uniacke 9
79%
Cameron Zurhaar 44
71%
George Wardlaw 6
71%
Lachy Dovaston 1
64%
Luke McDonald 11
64%
Jy Simpkin 12
64%
Dylan Stephens 15
64%
Paul Curtis 25
64%
Luke Parker 26
64%
Jack Darling 27
64%
Tristan Zerri 38
64%
Zane Duursma 7
64%
Bailey Scott 8
64%
Colby McKercher 10
57%
Zac Fisher 16
57%
Tom Powell 24
57%
Jacob Konstanty 41
57%
Charlie Spargo 13
50%
Griffin Logue 19
50%
Cooper Harvey 37
50%
Tom Blamires 39
50%
Cooper Trembath 47
50%
Riley Hardeman 17
43%
Callum Coleman-Jones 21
43%
Toby Pink 32
43%
Jackson Archer 34
43%
Luke Urquhart 14
36%
Wil Dawson 18
36%
Zac Banch 45
36%
Robert Hansen Jr 46
36%
Taylor Goad 22
29%
Hugo Mikunda 28
29%
Josh Goater 31
29%
Brayden George 33
29%
Matt Whitlock 35
29%
Blake Thredgold 23
21%
RIver Stevens 36
21%
No matching quizzes found
Score Distribution
Percent of People with Each Score
Percentile by Number Answered
Your Score History
You have not taken this quiz